000 00390nam a2200169Ia 4500
001 24773
005 20260414151105.0
008 260414t2016||||xx |||||||||||||| ||spa||
041 _aESP
082 _a345.733
_bL519
100 _aLay Brenner, Luisa Cristina
_eAUT
245 0 _aActualidad notarial
_b
260 _c2016
650 _aDER
654 _aCDE
942 _cLIB
_dJUS
_fJUS
_2ddc
_n
999 _c24773
_d24773